| 000 | 00586nam a22001817a 4500 | ||
|---|---|---|---|
| 999 |
_c192453 _d192453 |
||
| 005 | 20220922112610.0 | ||
| 010 | _aENG-135180 | ||
| 020 |
_c125.00 _a9789387871021 |
||
| 035 | _aEN-118712 | ||
| 037 | _bDBAD/PUB | ||
| 082 | _a230.1 | ||
| 100 | _aGowrani, T. | ||
| 245 |
_aIntroduction to Corrosion of Metals/ _cby T. Gowrani. |
||
| 260 |
_aTamil Nadu _bShanlax Publications _c2018 |
||
| 270 |
_a61,66 T.P.K. Main Road Vasant Nagar _bMadurai _e625003 _k7639303383 _mpublisher@shanlaxpublications.com |
||
| 300 |
_a47p. _c22cm.(pbk) |
||
| 942 |
_cEN _h546.6 _2ddc _mGOW |
||